Aquaculture biotechnology

This important book looks at a broad spectrum of biotech research efforts and their applications to the aquaculture industry. Aquaculture Biotechnology provides key reviews that look at the application of genetic, cellular, and molecular technologies to enable fish farmers to produce a more abundant...

Full beskrivning

Sparad:
Bibliografiska uppgifter
Materialtyp: Bok
Språk:Undetermined
Publicerad: Ames, Iowa Wiley-Blackwell 2012
Ämnen:
Taggar: Lägg till en tagg
Inga taggar, Lägg till första taggen!
Thư viện lưu trữ: Trung tâm Học liệu Trường Đại học Cần Thơ
LEADER 01320nam a2200193Ia 4500
001 CTU_181043
008 210402s9999 xx 000 0 und d
020 |c 5129000 
082 |a 578.76 
082 |b A656 
245 0 |a Aquaculture biotechnology 
245 0 |c edited by Garth L. Fletcher, Matthew L. Rise. 
260 |a Ames, Iowa 
260 |b Wiley-Blackwell 
260 |c 2012 
520 |a This important book looks at a broad spectrum of biotech research efforts and their applications to the aquaculture industry. Aquaculture Biotechnology provides key reviews that look at the application of genetic, cellular, and molecular technologies to enable fish farmers to produce a more abundant, resilient, and healthier supply of seafood. Aquaculture Biotechnology is divided into seven sections and nineteen chapters that cover topics ranging from broodstock improvement to fish health and gene transfer. With chapters provided by leading researchers and skillfully edited by top scientists in the field, this will be a valuable tool to researchers, producers, and students interested in better understanding this dynamic field of aquaculture. 
650 |a Aquacultural biotechnology.,Kỹ thuật nuôi trồng thuỷ sản 
904 |i Tuyến 
980 |a Trung tâm Học liệu Trường Đại học Cần Thơ